Gorzów Wielkopolski – prawda czy fałsz? - Statystyki

Ogólne statystyki
  • Ten quiz został rozwiązany 134 razy
  • Średni wynik to 11 z 15
Statystyki odpowiedzi
Zagadnienie Odpowiedź % Poprawnych
Miasto jest położone nad Odrą. Fałsz
90%
Dawna niemiecka nazwa miasta brzmiała Görtzow in Brandenburg. Fałsz
88%
W odstępie 7 lat pożar dotknął dwa ważne gorzowskie budynki. Prawda
88%
Główną funkcją Kanału Ulgi jest zbieranie nadmiaru wody z rzeki. Prawda
88%
Oprócz Stali Gorzów w mieście funkcjonuje drugi klub żużlowy - Stilon Gorzów. Fałsz
81%
Gorzowska flaga obrócona do góry nogami przypomina flagę węgierską. Prawda
79%
Historycznie Gorzów jest częścią Pomorza Zachodniego. Fałsz
74%
W Gorzowie Wielkopolskim funkcjonują obecnie 3 linie tramwajowe. Fałsz
74%
Dojazd bezpośrednim pociągiem Regio z Gorzowa do Poznania wymaga przesiadki. Prawda
74%
W Gorzowie Wielkopolskim wyhodowano wysokiej jakości odmianę jabłek. Prawda
71%
W podgorzowskim Ulimie znajduje się port lotniczy. Fałsz
67%
Przez Gorzów Wielkopolski przechodzi droga krajowa nr 3. Prawda
64%
Czynnych gorzowskich dworców i przystanków kolejowych jest tyle samo po obu stronach rzeki. Prawda
48%
W Gorzowie urodził się Bartosz Zmarzlik - wychowanek żużlowej Stali Gorzów. Fałsz
45%
Gorzów Wielkopolski jest najmniejszym miastem wojewódzkim w Polsce. Prawda
36%
Nie znaleziono quizów pasujących do podanych kryteriów
Rozkład punktacji
Procent ludzi z każdym wynikiem
Percentyl według liczby udzielonych odpowiedzi
Twoja historia wyników
Nie rozwiązałeś tego quizu